| 000 | 00347nam a22001337a 4500 | ||
|---|---|---|---|
| 082 |
_a823 _bSTO/W |
||
| 100 | _aSTORM, ZED | ||
| 245 | _aWILL SOLVIT AND DEADLY GLADIATORS | ||
| 246 |
_aWILL SOLVIT AND DEADLY GLADIATORS _bWILL SOLVIT AND DEADLY GLADIATORS |
||
| 260 |
_aU K _bPARRAGON _c2010 |
||
| 300 | _a124 | ||
| 650 | _aENGLISH STORY | ||
| 942 | _cBK | ||
| 999 |
_c9125 _d9125 |
||